Poľsko - zaujímavý obchodný partner. 1 Podnikanie so zahraničím
Poľsko-slovenské obchodné vzťahy. Hodnoty, ktoré dosiahol vzájomný obchod Slovenska s Poľskom v rokoch 1991-1993. Komoditná štruktúra zahraničného obchodu SR a Poľska. Poľsko a ekonomická reforma. Podmienky pre začatie predaja na poľskom trhu. Nedostatky a chyby poľského hospodárstva podľa špecialis...
Gespeichert in:
| 1. Verfasser: | |
|---|---|
| Format: | Buchkapitel |
| Sprache: | Tschechisch |
| Schlagworte: | |
| Tags: |
Keine Tags, Fügen Sie das erste Tag hinzu!
|
MARC
| LEADER | 00000naa a2200000 4500 | ||
|---|---|---|---|
| 001 | r018694 | ||
| 005 | 20221213090057.4 | ||
| 041 | 0 | |a cze | |
| 044 | |a SK | ||
| 245 | 1 | 0 | |a Poľsko - zaujímavý obchodný partner. 1 |b Podnikanie so zahraničím |c B. Matwikow |
| 520 | |a Poľsko-slovenské obchodné vzťahy. Hodnoty, ktoré dosiahol vzájomný obchod Slovenska s Poľskom v rokoch 1991-1993. Komoditná štruktúra zahraničného obchodu SR a Poľska. Poľsko a ekonomická reforma. Podmienky pre začatie predaja na poľskom trhu. Nedostatky a chyby poľského hospodárstva podľa špecialistov OECD. | ||
| 610 | 2 | 0 | |a vzťahy hospodárske medzinárodné |
| 610 | 2 | 0 | |a Poľsko |
| 610 | 2 | 0 | |a Slovensko |
| 610 | 2 | 0 | |a podnikanie v zahraničí |
| 610 | 2 | 0 | |a podmienky obchodné |
| 610 | 2 | 0 | |a prostredie ekonomické |
| 610 | 2 | 0 | |a obchod zahraničný |
| 610 | 2 | 0 | |a vývoz |
| 610 | 2 | 0 | |a dovoz |
| 610 | 2 | 0 | |a CEFTA |
| 610 | 2 | 0 | |a 1991-1993 |
| 610 | 2 | 0 | |a reformy hospodárske |
| 610 | 2 | 0 | |a privatizácia |
| 100 | 1 | |a Matwikow, B. | |